Gaming Quiz

Random Gaming or Video Games Quiz

Rainbow Six Profile: Pulse Quiz Stats

 Plays Quiz not verified by Sporcle

Also try: GoldenEye Maps
Challenge
Share
Tweet
Embed
Score 0/18 Timer 03:00
0 Plays Today
Hint Answer % Correct
Counter Terrorism UnitFBI SWAT
100%
CountryUSA
100%
Fellow DefenderCastle
90.9%
Fellow Attacker #1Ash
90.9%
Fellow Attacker #2Thermite
90.9%
Primary #2UMP45
86.4%
Dedicated Map #2House
86.4%
Equipment #1Barbed Wire
81.8%
SpeedFast
81.8%
Hint Answer % Correct
ArmorLight
81.8%
Unlocked Price500
81.8%
Equipment #2Nitro Cell
77.3%
Dedicated Map #1Oregon
77.3%
Dedicated Map #3Bank
68.2%
Primary #1M1014
63.6%
GadgetCardiac Sensor
54.5%
Secondary #1M45
54.5%
Secondary #25.7
45.5%

You're not logged in!

Compare scores with friends on all Sporcle quizzes.
OR
Log In

You Might Also Like...

Show Comments

Extras

Top Quizzes Today


Score Distribution

Your Account Isn't Verified!

In order to create a playlist on Sporcle, you need to verify the email address you used during registration. Go to your Sporcle Settings to finish the process.

Report this User

Report this user for behavior that violates our Community Guidelines.

Details: